000 00434cam a2200181ua 4500
020 _c4.50
041 _ahin
_h
082 _a891.54
_bNAG/VI
100 _aNagendra, .
245 _aVichar aur anubhoothi /
_cNagendra.
_hTextual Documents
250 _a1 /
_b.
260 _aNew Delhi :
_bNational Publishing House ,
_c1955.
300 _a153 ; .
365 _a4.50
504 _a
942 _cBK
999 _c8430
_d8430